01555 a2200205 45000010006000000050017000060080041000230030015000640400040000790800063001192450080001820200018002622640035002803000019003155050867003340410008012011000016012097000025012258560099012504556120260407155728.0260407a1992 arg spa dAR-UNSa-BCEJYS aAR-UNSa-BCEJYSbspacAR-UNSa-BCEJYS a316.3xEstructura social. La sociedad como sistema social 10aDespués de GermanipExploraciones sobre estructura social de la Argentina a950-12-5409-7 1aBuenos Aires :bPaidósc1992 a278 p.c23 cm. aPrimera Parte : REPENSANDO LA OBRA DE GERMANI : 1. Modernización, antimodernización y estructura social : Reconsiderando a Gino Germani en el contexto actual / Irving Louis Horowitz – 2. La sociología de Gino Germani / Antonio Vitiello – 3. De historia y de sociología : la metáfora de la tortilla / Waldo Ansaldi - - Segunda Parte : PARTICIPACIÒN Y MOVILIZACIÒN POLÌTICA : 1. El peronismo, 1973 ( inédito) / Giono Germani – 2. El impacto inmigratorio sobre el sistema político Argentino / Torcuato S. Di Tella – 3. Sindicalización, participación y estructura ocupacional / Marta Panaia - - Tercera Parte : ESTRUCTURA ECONÒMICO-SOCIAL : 1. Estructura económico-social del sector agropecuario – 2. Estructura socioespacial urbana y procesos migratorios – 3. Estructura de clases, estructura y movilidad ocupacional.  aspa1 aSautu, Ruth1 aJorrat, Jorge Raúl41uhttps://www.biblioeco.unsa.edu.ar/pmb/images/libros/L127144.jpgyImagen de portadaqimage/jpeg